Statistics for Actors Who Have Appeared in Both D.C. and Marvel Movies

Click here to take the quiz!

General Stats

  • This quiz has been taken 24 times
  • The average score is 12 of 29

Answer Stats

HintAnswer% Correct
Daredevil, Batman v Superman: Dawn of JusticeBen Affleck
90%
The Losers, Fantastic Four, Captain America: The First AvengerChris Evans
71%
Jonah Hex, Avengers: Infinity War, Deadpool 2Josh Brolin
71%
Green Lantern, DeadpoolRyan Reynolds
71%
Batman Begins, Thor: Love and ThunderChristian Bale
67%
Spider-Man, AquamanWillem Dafoe
67%
Batman Forever, Men In Black, Captain America: The First AvengerTommy Lee Jones
57%
Men In Black, Suicide SquadWill Smith
57%
Suicide Squad, MorbiusJared Leto
52%
Batman, Spider-Man: HomecomingMichael Keaton
52%
The Dark Knight Rises, VenomTom Hardy
52%
Ghost Rider: Spirit of Vengeance,Thor, The Suicide SquadIdris Elba
48%
Spider-Man, Justice LeagueJ.K. Simmons
43%
The Losers, Guardians of the GalaxyZoe Saldana
43%
V For Vendetta, ThorNatalie Portman
38%
Black Panther, The BatmanAndy Serkis
33%
Green Lantern, Black PantherAngela Bassett
33%
Guardians of the Galaxy, The Suicide SquadSean Gunn
33%
Daredevil, The BatmanColin Farrell
29%
Guardians of the Galaxy, The Suicide SquadMichael Rooker
29%
The Spirit, The AvengersSamuel L. Jackson
29%
Green Lantern, Thor: RagnarokTaika Waititi
24%
Thor: The Dark World, Shazam!Zachary Levi
24%
Green Lantern, Kingsman: The Secret Service, Shazam!Mark Strong
19%
Ghost Rider: Spirit of Vengeance, Justice LeagueCiarán Hinds
14%
The Punisher, AquamanDolph Lundgren
14%
Ant-Man and the Wasp, AquamanRandall Park
10%
Eternals, The BatmanBarry Keoghan
5%
Superman II, ElektraTerence Stamp
5%

Score Distribution

Percentile by Number Answered

Percent of People with Each Score

Your Score History

You have not taken this quiz